000
00511nam a2200109Ia 4500
008
221009s9999 xx 000 0 und d
082
_a
001
100
_a
मनोहर पाण्डे
_9
17272
245
0
_a
वस्तुनिष्ठ सामान्य ज्ञान अघ्यायवार 6250 प्रश्नों का अदितीय संग्रह
260
_b
अरिहन्त पब्लिकेशन्स लिमिटेड
942
_c
BK
999
_c
65129
_d
65129